Company Logos From The USA - Statistics

General Stats
  • This quiz has been taken 187 times
  • The average score is 15 of 16
Answer Stats
Picture Answer % Correct
Apple
100%
Facebook
99%
Instagram
99%
Nike
99%
Starbucks
99%
McDonald's
98%
Netflix
98%
Coca Cola
97%
Microsoft
96%
Amazon
94%
YouTube
94%
Ebay
93%
Wal-Mart
91%
FedEx
89%
Hershey's
71%
Carhartt
56%
No matching quizzes found
Score Distribution
Percent of People with Each Score
Percentile by Number Answered
Your Score History
You have not taken this quiz